| 000 | 00427nam a2200145 i 4500 | ||
|---|---|---|---|
| 001 | 80839 | ||
| 003 | ES-MaACL | ||
| 007 | t| | ||
| 008 | 041029s1940 au ||||1| ger d | ||
| 100 | 1 |
_aHorak, Karl. _964183 |
|
| 245 | 1 | 0 |
_aBurgenlandische Volkschauspide / _cKarl Horak. |
| 260 |
_aWien ; _aLeipzig : _bAdolf Luser, _c[1940] ( _fWerthner, Schuster und Co) |
||
| 300 |
_a523 p. ; _c23 cm. |
||
| 852 |
_aES-MaACL _jB-9595 _bR.19171 |
||
| 999 |
_c80839 _d80839 |
||